Pioneers of modern design : (Record no. 353661)

000 -LEADER
fixed length control field 01033cam a22003017a 4500
001 - CONTROL NUMBER
control field 17183188
003 - CONTROL NUMBER IDENTIFIER
control field OSt
005 - DATE AND TIME OF LATEST TRANSACTION
control field 20180116192414.0
008 - FIXED-LENGTH DATA ELEMENTS--GENERAL INFORMATION
fixed length control field 120224s2011 enka b 001 0 eng
010 ## - LIBRARY OF CONGRESS CONTROL NUMBER
LC control number 2011534712
020 ## - INTERNATIONAL STANDARD BOOK NUMBER
International Standard Book Number 9780956494269
040 ## - CATALOGING SOURCE
Original cataloging agency DLC
Transcribing agency DLC
042 ## - AUTHENTICATION CODE
Authentication code pcc
050 00 - LIBRARY OF CONGRESS CALL NUMBER
Classification number N6450
Item number .P4 2011
082 ## - DEWEY DECIMAL CLASSIFICATION NUMBER
Classification number 709.035
100 1# - MAIN ENTRY--PERSONAL NAME
Personal name Pevsner, Nikolaus,
Dates associated with a name 1902-1983.
9 (RLIN) 6382
245 10 - TITLE STATEMENT
Title Pioneers of modern design :
Remainder of title from William Morris to Walter Gropius /
Statement of responsibility, etc. Nikolaus Pevsner ; [with an introduction by Richard Weston].
250 ## - EDITION STATEMENT
Edition statement Rev. and expanded.
260 ## - PUBLICATION, DISTRIBUTION, ETC.
Place of publication, distribution, etc. Bath :
Name of publisher, distributor, etc. Palazzo,
Date of publication, distribution, etc. 2011.
300 ## - PHYSICAL DESCRIPTION
Extent 192 p. :
Other physical details ill. (some col.) ;
Dimensions 27 cm.
504 ## - BIBLIOGRAPHY, ETC. NOTE
Bibliography, etc. note Includes bibliographical references (p. 180-185) and index.
650 #0 - SUBJECT ADDED ENTRY--TOPICAL TERM
Topical term or geographic name entry element Art, Modern
Chronological subdivision 19th century.
9 (RLIN) 6383
650 #0 - SUBJECT ADDED ENTRY--TOPICAL TERM
Topical term or geographic name entry element Art, Modern
Chronological subdivision 20th century.
9 (RLIN) 6384
906 ## - LOCAL DATA ELEMENT F, LDF (RLIN)
a 7
b cbc
c orignew
d 2
e ncip
f 20
g y-gencatlg
942 ## - ADDED ENTRY ELEMENTS (KOHA)
Source of classification or shelving scheme
Koha item type Book
Holdings
Withdrawn status Lost status Source of classification or shelving scheme Damaged status Not for loan Permanent Location Current Location Date acquired Total Checkouts Full call number Barcode Date last seen Date last checked out Copy number Cost, replacement price Price effective from Koha item type
          School of Art Design and Architecture (SADA) School of Art Design and Architecture (SADA) 08/27/2012 1 709.35 PEV 2011 SADA0001846 10/27/2014 10/20/2014 1 2102.00 02/20/2013 Book
          School of Art Design and Architecture (SADA) School of Art Design and Architecture (SADA) 12/31/2013 1 709.35 PEV 2011 SADA0002177 04/14/2014 03/28/2014 02 2695.80 12/31/2013 Book
© 2023 Central Library, National University of Sciences and Technology. All Rights Reserved.